[Event "Vienna 4Kids op"]
[Site "Vienna"]
[Date "2010.12.11"]
[Round "7.17"]
[White "Pinterits, Constantin"]
[Black "Mattes, Christopher"]
[Result "0-1"]
[WhiteElo "1200"]
[BlackElo "1200"]
[PlyCount "68"]
[EventDate "2010.10.26"]
[EventType "swiss"]
[EventRounds "9"]
[EventCountry "AUT"]
[SourceTitle "EXT 2024"]
[Source "ChessBase"]
[SourceDate "2023.10.10"]
[SourceVersion "1"]
[SourceVersionDate "2023.10.10"]
[SourceQuality "1"]

1. e4 e5 2. Nf3 Nc6 3. Bc4 d6 4. 0-0 Bg4 5. h3 Bh5 6. d3 Nf6 7. Be3 Qd7 8. Nbd2 0-0-0 9. a4 d5 10. Bb3 d4 11. Bg5 h6 12. Bh4 g5 13. Bg3 Rg8 14. Nc4 Re8 15. Qe1 Bxf3 16. gxf3 Qxh3 17. Qe2 g4 18. Rfe1 Bb4 19. c3 dxc3 20. bxc3 Bxc3 21. Rec1 Bxa1 22. Rxa1 Nd4 23. Qd1 Nxb3 24. Qxb3 gxf3 25. Ne3 Rg4 26. Rc1 Reg8 27. Qc2 Ne8 28. Rb1 b6 29. Rd1 h5 30. Qd2 h4 31. Qe1 hxg3 32. fxg3 Rxg3+ 33. Qxg3 Qxg3+ 34. Kh1 Rh8# 0-1